[Event "Mittelfranken Landesliga Nord 2122"]
[Site "Mittelfranken"]
[Date "2022.05.29"]
[Round "9.5"]
[White "Walter, Florian"]
[Black "Weber, Julian"]
[Result "1-0"]
[WhiteElo "2176"]
[BlackElo "1855"]
[PlyCount "60"]
[EventDate "2021.10.24"]
[EventType "team-tourn"]
[EventRounds "9"]
[EventCountry "GER"]
[SourceTitle "EXT 2024"]
[Source "ChessBase"]
[SourceDate "2023.10.10"]
[SourceVersion "1"]
[SourceVersionDate "2023.10.10"]
[SourceQuality "1"]
[WhiteTeam "Nuernberg NT II"]
[BlackTeam "Erlangen II"]
[WhiteTeamCountry "GER"]
[BlackTeamCountry "GER"]

1. c4 Nf6 2. g3 g6 3. Bg2 Bg7 4. Nf3 0-0 5. 0-0 d6 6. Nc3 Nc6 7. d3 e5 8. Rb1 a5 9. a3 Nh5 10. b4 axb4 11. axb4 f5 12. b5 Ne7 13. Qb3 Kh8 14. Ba3 f4 15. c5 dxc5 16. Bxc5 b6 17. Ng5 Rb8 18. Bb4 Qe8 19. Nd5 Bf6 20. Nxc7 Qd7 21. Nce6 Bxg5 22. Nxf8 Qf5 23. Bd6 Qxf8 24. Bxb8 fxg3 25. Bxe5+ Ng7 26. fxg3 Qd8 27. Qf7 Be3+ 28. Kh1 Bh6 29. Qf8+ Qxf8 30. Rxf8+ Ng8 1-0